|
|
|
|
| LEADER |
00000nsc a2200000 a 4500 |
| 001 |
29788-4 |
| 005 |
20230308215716.0 |
| 008 |
011033|1998 ||||||||r|||||||||||spa|| |
| 022 |
|
|
|a 13155725
|
| 040 |
|
|
|b spa
|
| 041 |
1 |
|
|a spa
|
| 082 |
0 |
|
|a 617.605
|
| 245 |
|
|
|b Reparación de una prótesis metal-cerámica con carilla de porcelana
|c Lloyd G. Noel
|h imp
|
| 264 |
|
|
|a Caracas
|b Actualidades Médico Odontológicas Latinoamérica
|c 1998-1999
|
| 300 |
|
|
|a pp 18-22
|b ilu
|c 33 cm
|
| 310 |
|
|
|a Bimestral
|
| 362 |
|
|
|a Año 14 N° 4 1998/1999
|
| 504 |
|
|
|a incl. ref.
|
| 520 |
3 |
|
|a Las restauraciones metal-cerámicas son propensas a fracturarse. La reparación de este tipo de prótesis crea un serio dilema al odontólogo
|
| 650 |
|
|
|a Prótesis dental
|9 254902
|
| 650 |
|
|
|a Prótesis fija
|9 277786
|
| 650 |
|
|
|a Restauraciones metal-Cerámica
|9 303220
|
| 700 |
|
|
|a Noel, Lloyd G
|9 303221
|
| 700 |
|
|
|a Mitchell, William C
|9 303222
|
| 710 |
|
|
|a Actualidades Médico Odontológicas Latinoamérica
|9 191073
|
| 773 |
|
|
|t Journal de Clínica en Odontología
|
| 852 |
|
|
|a UC-SALUD
|c ESTANTERIA ABIERTA
|f Compra
|k luis.contrerase
|l 1
|m General
|p 20110330
|q $ 90
|r 1
|t 29788-4
|b 0
|d CDRS
|e CDRS
|g 617.605 ESTANTERIA ABIERTA
|z 2011-10-33
|
| 942 |
|
|
|
| 999 |
|
|
|c 131731
|d 131731
|